| 000 | 01163aam a2200289 a 4500 | ||
|---|---|---|---|
| 999 |
_c409424 _d409424 |
||
| 003 | BLK | ||
| 005 | 20250301093829.0 | ||
| 008 | 181012b bu |||||r|||||||| ||bu d | ||
| 020 | _a9786190300540 | ||
| 040 | _aBLK | ||
| 041 |
_aBUL _cBUL |
||
| 080 |
_aАнглийска литература _b821.111 _x-311.6 _z821.111-311.6 |
||
| 100 |
_aСкароу, Саймън _eпърви автор _9449240 |
||
| 139 |
_aСкароу, Саймън и др. _bС 39 |
||
| 245 |
_aАрена _cСаймън Скароу, Т. Дж. Ендрюс; прев. от англ. Венцислав Божилов. |
||
| 257 | _aBGR | ||
| 260 |
_aСофия _bБард _c2021 _fСофия : Алианс принт |
||
| 300 |
_a367 с. _c21 см |
||
| 380 | _aX | ||
| 500 | _aОриг. загл.: Arena / Simon Scarrow, T. J. Andrews | ||
| 700 |
_aБожилов, Венцислав Божидаров _cТеодосиев, Стефан, 1968- (псевдоним) _d1968- _9367877 |
||
| 700 |
_aЕндрюс, Т. Дж. _eсъавт. _91445 |
||
| 852 |
_aЦб _bЦб |
||
| 942 |
_cKNG _2udc _n0 _026 _s1 |
||
| 944 |
_k30546 _lРенета Константинова |
||
| 999 | _d409424 | ||